[Event "VII Festival B"]
[Site "Ischia ITA"]
[Date "2000.06.??"]
[Round "1"]
[White "Lemma, Vittorio"]
[Black "Mauri, Enrico"]
[Result "1-0"]
[WhiteElo "1588"]
[BlackElo "1299"]
[PlyCount "97"]
[EventDate "2000.06.11"]

1. e4 e5 2. Nf3 Nc6 3. Bb5 a6 4. Ba4 d6 5. d4 b5 6. Bb3 Bg4 7. Bd5 Qd7 8. c3
Nf6 9. h3 Bh5 10. g4 Bg6 11. dxe5 Nxd5 12. Qxd5 Rd8 13. Bg5 Ne7 14. Bxe7 Bxe7
15. exd6 Qxd6 16. Qxd6 Bxd6 17. e5 Bc5 18. O-O O-O 19. Nbd2 Rfe8 20. Rfe1 h5
21. Ne4 Bb6 22. a4 hxg4 23. hxg4 f6 24. Ng3 Re6 25. axb5 axb5 26. Nf5 Rf8 27.
exf6 Rexf6 28. Ne7+ Kh8 29. Nxg6+ Rxg6 30. Ne5 Bxf2+ 31. Kg2 Re6 32. Nf7+ Rxf7
33. Rxe6 Bb6 34. Rh1+ Kg8 35. Re8+ Rf8 36. Rxf8+ Kxf8 37. b4 Be3 38. Rh3 Bd2
39. Kf1 g5 40. Ke2 Bf4 41. Kd3 Ke8 42. Ke4 Kd7 43. Rh7+ Ke6 44. Rh6+ Kd7 45.
Kd5 Bd6 46. Rh7+ Kc8 47. Kc6 Be5 48. Re7 Bxc3 49. Re8# 1-0

[Event "VII Festival B"]
[Site "Ischia ITA"]
[Date "2000.06.??"]
[Round "3"]
[White "Bertolini, Ettore"]
[Black "Caccaviello, Vincenzo"]
[Result "1-0"]
[WhiteElo "1590"]
[BlackElo "1461"]
[PlyCount "55"]
[EventDate "2000.06.11"]

1. e4 e5 2. Bc4 Nf6 3. d3 Be7 4. Nc3 O-O 5. Be3 Bb4 6. Nge2 Nc6 7. O-O d6 8.
Bg5 Bg4 9. Nd5 Nd4 10. f3 Nxe2+ 11. Qxe2 Bc5+ 12. Kh1 Be6 13. Nxf6+ gxf6 14.
Bh6 Re8 15. f4 Kh8 16. Qh5 Bxc4 17. dxc4 Qe7 18. f5 Rg8 19. Rf3 Rg5 20. Bxg5
fxg5 21. f6 Qf8 22. Qxg5 Qg8 23. Qh4 c6 24. Rg3 Qf8 25. Rg7 Qxg7 26. fxg7+ Kxg7
27. Rf1 Bb6 28. Qf6+ 1-0

[Event "VII Festival B"]
[Site "Ischia ITA"]
[Date "2000.06.??"]
[Round "4"]
[White "Diena, Giovanni"]
[Black "Bertolini, Ettore"]
[Result "0-1"]
[WhiteElo "1627"]
[BlackElo "1590"]
[PlyCount "84"]
[EventDate "2000.06.11"]

1. e4 c5 2. Nf3 e6 3. d4 cxd4 4. Nxd4 Nf6 5. Bd3 d6 6. Nc3 Nbd7 7. Be3 a6 8.
O-O b5 9. a3 Bb7 10. f3 Qc7 11. Rc1 Be7 12. Nce2 Ne5 13. b3 d5 14. exd5 Nxd5
15. Bf2 Bxa3 16. Ra1 Bd6 17. Be4 O-O 18. Qd2 Ng6 19. g3 Rfd8 20. Rfc1 Nf8 21.
c4 bxc4 22. Rxc4 Qe7 23. Nc6 Bxc6 24. Rxc6 Bb4 25. Qc2 a5 26. Nd4 Qd7 27. Rc4
f5 28. Bxd5 Qxd5 29. Kg2 Qe5 30. Rc1 Qf6 31. Rd1 Ng6 32. Nc6 Rxd1 33. Qxd1 Ne5
34. Nxe5 Qxe5 35. Bd4 Qd5 36. Qa1 e5 37. Bxe5 Re8 38. Bxg7 Re2+ 39. Kh3 Qd7 40.
Rd4 Qxg7 41. Rd8+ Kf7 42. Qd1 Qh6# 0-1